The publishing business : (Record no. 14376)

000 -LEADER
fixed length control field 04474cam a2200277 i 4500
003 - CONTROL NUMBER IDENTIFIER
control field OSt
005 - DATE AND TIME OF LATEST TRANSACTION
control field 20260215120915.0
008 - FIXED-LENGTH DATA ELEMENTS--GENERAL INFORMATION
fixed length control field 230721s2024 enkad b 001 0 eng
020 ## - INTERNATIONAL STANDARD BOOK NUMBER
International Standard Book Number 9781350260481
Qualifying information (hardback)
042 ## - AUTHENTICATION CODE
Authentication code pcc
050 00 - LIBRARY OF CONGRESS CALL NUMBER
Classification number Z278
Item number .S55 2024
082 00 - DEWEY DECIMAL CLASSIFICATION NUMBER
Classification number 070.5
Edition number 23/eng/20230721
100 1# - MAIN ENTRY--PERSONAL NAME
Personal name Smith, Kelvin
Fuller form of name (Kelvin John),
Relator term author.
245 14 - TITLE STATEMENT
Title The publishing business :
Remainder of title a guide to starting out and getting on /
Statement of responsibility, etc Kelvin Smith and Melanie Ramdarshan Bold.
250 ## - EDITION STATEMENT
Edition statement Third edition.
300 ## - PHYSICAL DESCRIPTION
Extent 248 pages :
Other physical details illustrations, charts ;
Dimensions 28 cm
504 ## - BIBLIOGRAPHY, ETC. NOTE
Bibliography, etc Includes bibliographical references and index.
505 0# - FORMATTED CONTENTS NOTE
Formatted contents note 1 Fundamentals of publishing -- A very short history of publishing -- Why finance matters -- The relationship between different parts of the industry -- Preparing for a future in publishing -- The global and local fundamentals -- Interview: Anne Meadows, Commissioning Editor at Granta and Portobello Books -- Case study: Bertelsmann and Random House -- Interview: Namrata Tripathi, Founder and Publisher of Kokila (Penguin Random House) -- Summary -- 2 The publishing ecosystem -- Varieties of publication -- markets and audiences -- Interview: Alba Proko, Audio Manager, Bookouture -- Print and e-books -- Journals, magazines and newspapers -- Who adds value in the publishing process? -- Case study: Amazon and EBSCO -- Interview: Zaahida Nabagereka, Head of Social Impact, Penguin Random House UK -- Summary -- 3 Writers, readers and intermediaries -- Authors, illustrators, creators and their rights -- Agents and other gatekeepers -- Network and opinion formers -- Channels to readers and buyers -- Case study: Frankfurt Book Fair -- Interview: Ashleigh Gardner, Senior Vice President, Global Publishing, Wattpad WEBTOON Studios -- Interview: Caroline Walsh, Literary Agent, David Higham Associates -- Summary -- 4 Editorial processes -- Policy and planning: list building and market niches -- Commissioning: research, reputation and funds -- Contractual matters: formats and co-editions -- Editorial work: from submission to publication -- Interview: Breanna J. McDaniel, sensitivity reader, author, and Program Manager for the Black Creatives Fund, We Need Diverse Books -- Case study: A Guide for Dummies -- Interview: Peter Blackstock, VP, Deputy Publisher, Grove Atlantic / Publisher, Grove Press UK -- Summary -- 5 Rights -- How different rights developed -- Range of rights -- Who is involved in selling rights -- Case study: The rights potential of children's books -- Interview: Amy Ellis, Head of Rights and Permissions, PLS -- Interview: Victoria Lawrance, Rights Manager -- Adult Trade, Bloomsbury -- Summary -- 6 Design and production -- Platforms and formats appropriate for the content -- Scheduling the publication process -- Controlling costs and establishing prices -- Case study: Horrible Histories -- Interview: Shaun Hodgkinson, Chief Operating Officer, DK -- Interview: Thomas Truong, Publishing Director, Little Tiger Group -- Summary -- 7 Print and digital publishing -- Choosing from a variety of media and formats -- Legalities of publishing in a wired world -- Digital workflow and software standards -- Communication for print and e-publications -- Interview: Jenny Blenk, Associate Editor, Dark Horse Comics -- Case study: Print and digital at the university presses -- Interview: Jeanette Morton, Digital Publisher, Oxford University Press -- Summary -- 8 Marketing, sales and distribution.
520 ## - SUMMARY, ETC.
Summary, etc "The Publishing Business is an illustrated guide to the book publishing process from writer to reader, passing through the essential publishing activities performed in editorial, rights, design, production, sales and marketing departments. International examples from across the industry, from children's books to academic monographs, demonstrate key responsibilities at each stage of the publishing process and how the industry is adapting to digital culture. This 3rd edition has been updated with more on the role of self-publishing, independent publishers, audio books, the rise of poetry and non-fiction and how the industry is facing up to challenges of sustainability, inclusivity and diversity"--
650 #0 - SUBJECT ADDED ENTRY--TOPICAL TERM
Topical term or geographic name as entry element Publishers and publishing.
650 #0 - SUBJECT ADDED ENTRY--TOPICAL TERM
Topical term or geographic name as entry element Publishers and publishing
General subdivision Vocational guidance.
650 #0 - SUBJECT ADDED ENTRY--TOPICAL TERM
Topical term or geographic name as entry element Publishers and publishing
General subdivision Technological innovations.
650 #0 - SUBJECT ADDED ENTRY--TOPICAL TERM
Topical term or geographic name as entry element Electronic publishing.
700 1# - ADDED ENTRY--PERSONAL NAME
Personal name Ramdarshan Bold, Melanie,
Relator term author.
942 ## - ADDED ENTRY ELEMENTS (KOHA)
Source of classification or shelving scheme
Holdings
Withdrawn status Lost status Source of classification or shelving scheme Damaged status Koha normalized classification for sorting Not for loan Permanent location Current location Shelving location Date acquired Full call number Barcode Date last seen Price effective from Koha item type Public note
        070_500000000000000   BMS College of Architecture, Design and Planning BMS College of Architecture, Design and Planning General Stacks 2025-12-19 070.5 AR-UG5289 2026-02-10 2026-02-10 UG Books S-03
Copyright © 2025, The Librarian, Library and Information Centre, BMSCA D&P, Bengaluru. All Rights Reserved
web counter

Powered by Koha